Statistics for Can You Name Every Episode of Game of Thrones?

Click here to take the quiz!

General Stats

  • This quiz has been taken 52 times
  • The average score is 57 of 73

Answer Stats

HintEpisode HintAnswer% Correct
S1.E1King Robert arrives at Winterfell with his familyWinter is Coming
92%
S1.E9Ned's fate is determinedBaelor
88%
S6.E9Jon faces off against Ramsay BoltonBattle of the Bastards
88%
S5.E3Cersei meets the leader of a new faith groupHigh Sparrow
88%
S3.E6Jon and Ygritte scale the wall with the other WildlingsThe Climb
88%
S1.E2Jon Snow heads north to join the Night's WatchThe Kingsroad
88%
S3.E9The Starks attend a wedding with the FreysThe Rains of Castamere
88%
S8.E1Daenarys brings her army up northWinterfell
88%
S1.E6Daenerys gets revenge on ViserysA Golden Crown
84%
S2.E9Stannis attacks Kings LandingBlackwater
84%
S1.E4Bran has a dream about a RavenCripples, Bastards, and Broken Things
84%
S7.E1Daenarys arrives in WesterosDragonstone
84%
S1.E10Daenerys takes her dragons eggs into the fireFire and Blood
84%
S5.E8The Wildlings and Jon face off against the White WalkersHardhome
84%
S3.E10Daenarys frees the slaves of YunkaiMhysa
84%
S3.E8In Yunkai, Dario Naharis joins DaenarysSecond Sons
84%
S3.E7Jaime returns to save BrienneThe Bear and the Maiden Fair
84%
S8.E5Daenarys wreaks havoc on Kings LandingThe Bells
84%
S4.E10Bran meets the Three-Eyed RavenThe Children
84%
S8.E6Jon kills Daenarys, and Bran is made kingThe Iron Throne
84%
S4.E2Sansa escapes the wedding of Margaery and JoffreyThe Lion and the Rose
84%
S4.E8Oberin fights in trial by combatThe Mountain and the Viper
84%
S2.E6Theon captures WinterfellThe Old Gods and the New
84%
S1.E5Catelyn and Tyrion arrive at the EyrieThe Wolf and the Lion
84%
S4.E1Tywin forges a gift for JoffreyTwo Swords
84%
S4.E5Tommen is crowned kingFirst of His Name
80%
S2.E4Daenarys arrives at QarthGarden of Bones
80%
S4.E4Jaime presents Brienne with new armorOathkeeper
80%
S6.E5Bran has a vision about HodorThe Door
80%
S5.E2Arya arrives in Bravos looking for JaqenThe House of Black and White
80%
S4.E6Tyrion is tried for Joffrey's murderThe Laws of Gods and Men
80%
S8.E3Arya defeats the Night KingThe Long Night
80%
S2.E1Robb offers peace in exchange for Sansa and Arya's safe returnThe North Remembers
80%
S4.E9The Night's Watch and the Wildings clash at Caste BlackThe Watchers on the Wall
80%
S6.E10Cersei gets her revenge and is crowned QueenThe Winds of Winter
80%
S5.E6The Sandsnakes vow revenge for Oberin's deathUnbowed, Unbent, Unbroken
80%
S3.E1Jon pledges his allegiance to the WildlingsValar Dohaeris
80%
S2.E10Joffrey plans to marry Margaery TyrellValar Morghulis
80%
S3.E3Jaime loses his handWalk of Punishment
80%
S1.E7Ned confronts Cersei about her childrenYou Win or You Die
80%
S2.E7Ygritte leads Jon into a trapA Man Without Honor
76%
S7.E6A group of men go to capture a WightBeyond the Wall
76%
S4.E3Daenarys arrives at MeereenBreaker of Chains
76%
S3.E5Ygritte seduces JohnKissed by Fire
76%
S1.E3Jon struggles to adapt to life on the wallLord Snow
76%
S4.E7Lysa witnesses Littlefinger kiss SansaMockingbird
76%
S6.E8Arya defeats the WaifNo One
76%
S6.E3Jon executes the mutineersOathbreaker
76%
S5.E4The Unsullied are ambushed in MeereenSons of the Harpy
76%
S5.E9Stannis sacrifices ShireenThe Dance of Dragons
76%
S2.E5Arya meets Jaqen H'ghar who grants her 3 killsThe Ghost of Harrenhal
76%
S2.E8Catelyn frees Jaime LannisterThe Prince of Winterfell
76%
S2.E3Theon affirms his allegiance to house GreyjoyWhat is Dead May Never Die
76%
S6.E2Euron Greyjoy returns to PykeHome
72%
S5.E5Jorah is infected with greyscaleKill the Boy
72%
S6.E7The Hound is attacked by members of the BrotherhoodThe Broken Man
72%
S7.E7Bran and Samwell realize Jon's true identityThe Dragon and the Wolf
72%
S5.E7Jorah and Tyrion are taken to the fighting pits of MeereenThe Gift
72%
S8.E4Jon tells his siblings about his true parentageThe Last of the Starks
72%
S2.E2Jon discovers that Craster sacrifices his sons to the White WalkersThe Night Lands
72%
S6.E6Samwell Tarly returns to Horn HillBlood of My Blood
68%
S6.E4Sansa arrives at Caste BlackBook of the Stranger
68%
S7.E5The Wights draw closer to the wallEastwatch
68%
S5.E10Cersei does a walk of shameMother's Mercy
68%
S1.E8Robb rallies his father's alliesThe Pointy End
68%
S7.E3Olenna reveals to Jaime that she poisoned JoffreyThe Queen's Justice
68%
S6.E1Jon is brought back to lifeThe Red Woman
68%
S7.E4Jaime's army is attacked by Dothraki and dragonsThe Spoils of War
68%
S3.E4A conflict ensues at Craster's KeepAnd Now His Watch Has Ended
64%
S7.E2Daenarys seeks allies in WesterosStormborn
64%
S5.E1Tywin is buried, Lancel Lannister returns with new beliefsThe Wars to Come
64%
S3.E2Brienne and Jaime are captured by Bolton soldiersDark Wings, Dark Words
60%
S8.E2Jon reveals his lineage to DaenarysA Knight of Seven Kingdoms
40%

Score Distribution

Percentile by Number Answered

Percent of People with Each Score

Your Score History

You have not taken this quiz